| 000 | 01003nam a2200241Ia 4500 | ||
|---|---|---|---|
| 003 | IN-BaIIA | ||
| 008 | 211028s9999 xx 000 0 eng d | ||
| 020 | _a978-1-58381-776-6 | ||
| 040 | _cIIA Library | ||
| 080 |
_a082.2:52 _bASP-448 |
||
| 111 |
_aCambridge Workshop on Cool Stars, Stellar Systems, and the Sun _n16th _cWashington, D. C. _d2010 _935058 |
||
| 245 | 0 |
_aCool stars, stellar systems and the Sun _bproceedings of a conference held in Washingtin, D.C., 28 August-2 September, 2010 _cedited by C. M. Johns-Krull, M. K. Browning and A. A. West |
|
| 260 |
_aSan Francisco _bAstronomical Society of the Pacific _c2011 |
||
| 300 | _axxii, 545p. | ||
| 490 | _aAstronomical Society of the Pacific conference series; v. 448 | ||
| 650 |
_aStars - congresses _931297 |
||
| 650 | _aStellar systems - congresses | ||
| 650 |
_aSun - congresses _919480 |
||
| 700 |
_aBrowning, M. K., ed. _935059 |
||
| 700 |
_aJohns-Krull, C. M., ed.q _935060 |
||
| 700 |
_aWest, A. A., ed. _935061 |
||
| 942 | _cBK | ||
| 999 |
_c18313 _d18313 |
||